Minister's manual; vol. 1. (Record no. 8739)

000 -LEADER
fixed length control field 00576nam a2200181 a 4500
001 - CONTROL NUMBER
control field :::00006517$&:&@@
003 - CONTROL NUMBER IDENTIFIER
control field OkBaRHE
005 - DATE AND TIME OF LATEST TRANSACTION
control field 20110323131218.0
008 - FIXED-LENGTH DATA ELEMENTS--GENERAL INFORMATION
fixed length control field s1965 j 000 0 eng u
040 ## - CATALOGING SOURCE
Transcribing agency
100 1# - MAIN ENTRY--PERSONAL NAME
Personal name Pickthorn, William E.,
245 10 - TITLE STATEMENT
Title Minister's manual; vol. 1.
260 ## - PUBLICATION, DISTRIBUTION, ETC. (IMPRINT)
Place of publication, distribution, etc Springfield, MO., :
Name of publisher, distributor, etc Gospel Publishing House
Date of publication, distribution, etc c1965
300 ## - PHYSICAL DESCRIPTION
Extent v. (1-3);
Dimensions 17 cm.
650 ## - SUBJECT ADDED ENTRY--TOPICAL TERM
Topical term or geographic name as entry element Occasional Services
942 ## - ADDED ENTRY ELEMENTS (KOHA)
Source of classification or shelving scheme
Koha item type Books
Copies
Source of classification or shelving scheme Copy number Date last seen Withdrawn status Koha item type Permanent Location Full call number Not for loan Barcode Date acquired Damaged status Shelving location Lost status Price effective from
 12011-03-23 BooksRHEMA Bible Training CollegeBV 199 .O3P5 65172010-04-14 General Stacks 2010-04-14